Statistics for Members of Ladies Code (Kpop)

Click here to take the quiz!

General Stats

  • This quiz has been taken 41 times
  • The average score is 4 of 5

Answer Stats

Answer% Correct
Ashley
97%
EunB
86%
Rise
86%
Sojung
83%
Zuny
83%

Score Distribution

Percentile by Number Answered

Percent of People with Each Score

Your Score History

You have not taken this quiz